00405nam a2200145 a 4500008004100000020001500041050001700056100003000073245004100103246002800144260003700172350000900209650002700218650001400245120416s1995 ||||||||||||||||| || u a0958390940 aK 111.C7 Coe aCoetzer, Johannes Hendrik10aInternational countertrade contracts aprinciples and practice aPretoriabInfo Africa Novac1995 a0.00 aCOUNTERTRADE CONTRACTS aCONTRACTS